Bird census techniques / (Registro nro. 5001)
[ vista simple ]
| 000 -CABECERA | |
|---|---|
| Campo de control | 01066cam a22003017a 4500 |
| 005 - FECHA Y HORA DE LA ULTIMA TRANSACCION | |
| Campo de control | 20150922102726.0 |
| 008 - ELEMENTOS DE LONGITUD FIJA—INFORMACION GENERAL | |
| Campo de control | 000225s2000 enkab 000 0 eng d |
| 020 ## - ISBN | |
| ISBN | 0120958317 |
| 040 ## - FUENTE DE CATALOGACIÓN | |
| Agencia catalogadora original | UKM |
| Agencia transcriptora | UKM |
| Agencia Modificadora | EYM |
| -- | DLC |
| -- | CO-BoIAVH |
| 041 0# - IDIOMA | |
| Código de idioma para texto/pista de sonido o título separado | Inglés |
| 042 ## - AUTHENTICATION CODE | |
| Authentication code | lccopycat |
| 044 ## - PAÍS DE PUBLICACIÓN | |
| País de publicación | |
| 082 04 - NUMERO DE CLASIFICACION DECIMAL DEWEY | |
| Número de clasificación | 598.0723 |
| Número del ítem | B58b |
| 245 00 - MENCION DE TITULO | |
| Título | Bird census techniques / |
| Mención de responsabilidad | Colin J. Bibby ... [et al.] ; illustrated by Sandra Lambton, RSPB and Simon Mustoe. |
| 250 ## - MENCION DE EDICION | |
| Mención de edición | 2nd ed. |
| 260 ## - PUBLICACION, DISTRIBUCION, ETC. (PIE DE IMPRENTA) | |
| Lugar de publicación, distribución, etc. | London ; |
| -- | San Diego : |
| Nombre del editor, distribuidor, etc. | Academic, |
| Fecha de publicación, distribución, etc. | 2000. |
| 300 ## - DESCRIPCION FISICA | |
| Extensión | xvi, 302 páginas : |
| Otros detalles físicos | ilustraciones, mapas ; |
| Dimensiones | 25 cm. |
| 500 ## - NOTA GENERAL | |
| Nota general | Incluye apéndices.<br/>Edición previa.: 1992. |
| 504 ## - NOTA DE BIBLIOGRAFIA, ETC. | |
| Nota de bibliografía | Incluye referencias bibliográficas (páginas 279-295) e índices. |
| 650 #0 - ASIENTO SECUNDARIO DE MATERIA - TERMINO TEMATICO | |
| Término temático o nombre geográfico como elemento de entrada | Aves |
| Subdivisión general | Conteo. |
| 9 (RLIN) | 39319 |
| 650 #0 - ASIENTO SECUNDARIO DE MATERIA - TERMINO TEMATICO | |
| Término temático o nombre geográfico como elemento de entrada | Poblaciones de aves |
| Subdivisión general | Estimadps |
| Subdivisión geográfica | Gran Bretaña. |
| 9 (RLIN) | 39320 |
| 650 #0 - ASIENTO SECUNDARIO DE MATERIA - TERMINO TEMATICO | |
| Término temático o nombre geográfico como elemento de entrada | Aves |
| Subdivisión general | Investigación. |
| 9 (RLIN) | 39321 |
| 700 1# - ASIENTO SECUNDARIO - NOMBRE PERSONAL | |
| Nombre personal | Bibby, C. J. |
| Forma más completa del nombre | (Colin J.) |
| 9 (RLIN) | 39322 |
| 700 1# - ASIENTO SECUNDARIO - NOMBRE PERSONAL | |
| Nombre personal | Burgess, Neil D. |
| 9 (RLIN) | 39323 |
| 700 1# - ASIENTO SECUNDARIO - NOMBRE PERSONAL | |
| Nombre personal | Hill, David A. |
| 9 (RLIN) | 39324 |
| 700 1# - ASIENTO SECUNDARIO - NOMBRE PERSONAL | |
| Nombre personal | Mustoe, Simon |
| 9 (RLIN) | 39325 |
| 942 ## - ELEMENTOS ADICIONALES (KOHA) | |
| Sistema de clasificación | Dewey Decimal Classification |
| Tipo de ítem | Libro |
| Withdrawn status | Lost status | Sistema de Clasificación | Damaged status | No para préstamo | Colección | Inventariado | Ubicación Permanente | Ubicación actual | Fecha de adquisición | Fuente de Valor | Total Checkouts | Número topográfico | Inventario / Código de Barras | Date last seen | Date checked out | Ejemplar | Price effective from | Forma de adquisición | Tipo de material |
|---|---|---|---|---|---|---|---|---|---|---|---|---|---|---|---|---|---|---|---|
| Dewey Decimal Classification | General | Inventariado 2017 | Bogotá | Bogotá | 21/12/2005 | NHBS | 1 | LB-598.0723 B58b | 022664 | 22/09/2015 | 10/04/2014 | Ej. 1 | 04/12/2012 | Compra | Libro |